| 000 | 00459nam a2200193Ia 4500 | ||
|---|---|---|---|
| 005 | 20251020182540.0 | ||
| 008 | 200515s9999 xx 000 0 und d | ||
| 082 | _a729/B38 | ||
| 100 | _aVELEZ GONZALEZ, Roberto | ||
| 245 | 0 | _aLa ecología en el diseño arquitectónico | |
| 260 | _aMéxico D.F. | ||
| 260 | _c1992 | ||
| 300 | _a113 | ||
| 500 | _a1 ejemplar | ||
| 650 | _aDISEÑO ARQUITECTONICO | ||
| 650 | _aECOLOGIA | ||
| 650 | _aLIB | ||
| 942 | _cLIB | ||
| 999 |
_c2387 _d2387 |
||